书目信息 |
| 题名: |
大中型柴油机的事故分析
|
|
| 作者: | ;国外造船技术资料编辑组 编译 | |
| 分册: | ||
| 出版信息: | 北京 人民交通出版社 1975 |
|
| 页数: | 221页 | |
| 开本: | 19cm | |
| 丛书名: | 船舶轮机小丛书 | |
| 单 册: | ||
| 中图分类: | U664.121 | |
| 科图分类: | ||
| 主题词: | 船用柴油机-事故分析 , 事故分析-船用柴油机 | |
| 电子资源: | ||
| ISBN: | ||
| 000 | 00809nam2 2200265 45 | |
| 001 | 0175002470 | |
| 005 | 20060814112244.64 | |
| 010 | @dCNY0.54 | |
| 091 | @a15044.6298 | |
| 100 | @a19951020d1975 em y0chiy0121 ea | |
| 101 | 1 | @achi@cjpn |
| 102 | @aCN@b110000 | |
| 105 | @af z 000yy | |
| 200 | 10 | @a大中型柴油机的事故分析@Ada zhong xing chai you ji de shi gu fen xi@f《国外造船技术资料》编辑组编译 |
| 210 | @a北京@c人民交通出版社@d1975 | |
| 215 | @a221页@d19cm | |
| 225 | 2 | @a船舶轮机小丛书@v1 |
| 410 | 0 | @120010@a船舶轮机小丛书 |
| 606 | @a船用柴油机-事故分析 | |
| 606 | @a事故分析-船用柴油机 | |
| 690 | @aU664.121@v3 | |
| 711 | 02 | @a国外造船技术资料编辑组@Aguo wai zao chuan ji shu zi liao bian ji zu@4编译 |
| 801 | 2 | @aCN@bNLC@c20060814 |
| 801 | 0 | @aCN@bTSSF |
| 905 | @a10447@dU664.121@e166 | |
| 大中型柴油机的事故分析/《国外造船技术资料》编辑组编译.-北京:人民交通出版社,1975 |
| 221页;19cm.-(船舶轮机小丛书;1) |
| ISBN :CNY0.54 |
| ● |
| 相关链接 |
|
|
|
|
正题名:大中型柴油机的事故分析
索取号:U664.121/166
 
预约/预借
| 序号 | 登录号 | 条形码 | 馆藏地/架位号 | 状态 | 备注 |
| 1 | 0018006 | 001483601 | 第二样本阅览室/ [索取号:U664.121/166] | 在馆 | |
| 2 | 0458176 | 204581764 | 密集书库/ [索取号:U664.121/166] | 在馆 |